00727nam a2200253 a 4500001001300000003000900013005001700022008004100039020001000080082002000090100002200110245002900132260003200161300000900193500003500202505001000237650001900247650001700266700002200283902000800305942000700313952013600320999001700456nice12345678IN_TiNIC20260116013450.0050524s1995 dela grp 000 0 eng  ac18500a305.480297bKHA aKhan, Waheeduddin aWoman in Islamic Shariah aDelhibIslamic Centrec1995 a159p aincludes index and biblioraphy2 aIndex aWomen in Islam aMuslim Women1 aKhan, Waheeduddin bSRS cBK 001040708StackRoom-aHMIbHMId2009-04-28g185.00l2m2o305.480297 KHAp016027r2019-09-27s2019-08-07v185.00w2005-05-24yBK c11090d11090